000 00990nam a2200229Ia 4500
001 16641
003 GE_BSU
008 181216s||||||||xx |||||||||||||| ||und||
040 _cGE_BSU
080 _a821.353.1-32
100 _aლომოური, ნ.
245 _aთხზულებანი ერთ ტომად
245 _bმოთხრობები
245 _cშეადგინა, წინასიტყვაობა და შენიშვნები დაურთო ი.ბოცვაძემ ; სარედაქციო კოლეგია: რ.ინანიშვილი, ნ.კეცხოველი, დ.ლორთქიფანიძე და სხვ.
260 _aთბილისი
260 _bნაკადული
260 _c1971
300 _a191გვ. ; 21სმ
653 _aთხზულებანი ერთ ტომად
653 _aმოთხრობები
942 _cBK
999 _c49707
_d49707